[Event "Senta op"]
[Site "Senta"]
[Date "2002.07.24"]
[Round "8"]
[White "Ostojic, Miljan"]
[Black "Dragovic, Momcilo"]
[Result "1/2-1/2"]
[WhiteElo "2259"]
[BlackElo "2370"]
[PlyCount "97"]
[EventDate "2002.07.19"]
[EventType "swiss"]
[EventRounds "9"]
[EventCountry "YUG"]
[SourceTitle "CBM 089 Extra"]
[Source "ChessBase"]
[SourceDate "2002.09.10"]
[SourceVersion "2"]
[SourceVersionDate "2002.09.10"]
[SourceQuality "1"]

1. d4 Nf6 2. c4 g6 3. Nc3 Bg7 4. e4 d6 5. f3 0-0 6. Nge2 Nc6 7. Be3 a6 8. Qd2 Rb8 9. d5 Ne5 10. Nd4 e6 11. Be2 exd5 12. cxd5 c5 13. dxc6 bxc6 14. Rd1 Qc7 15. 0-0 Re8 16. Rc1 c5 17. Nb3 Be6 18. Rfd1 Red8 19. Nd5 Bxd5 20. exd5 Re8 21. Rc2 Qd7 22. Na5 Rb4 23. Nc4 Nxc4 24. Bxc4 Qb7 25. b3 Nd7 26. Bf2 Qa8 27. Re1 Ne5 28. Qe2 Rbb8 29. Qd1 a5 30. Rce2 a4 31. Bg3 Nxc4 32. Rxe8+ Rxe8 33. Rxe8+ Qxe8 34. bxc4 Bd4+ 35. Kh1 Be5 36. Qe1 Qb8 37. Bxe5 dxe5 38. h3 Qb2 39. Qa5 Qc1+ 40. Kh2 Qf4+ 41. Kh1 Qc1+ 42. Kh2 Qf4+ 43. Kh1 Qxc4 44. d6 Qc1+ 45. Kh2 Qf4+ 46. Kh1 Qc1+ 47. Kh2 Qf4+ 48. Kh1 Qc1+ 49. Kh2 1/2-1/2